[Event "Montevideo Duchamp Cup 7th"]
[Site "Montevideo"]
[Date "2024.02.03"]
[Round "3"]
[White "Muniz, Rafael"]
[Black "Salinas Herrera, Pablo Patricio"]
[Result "0-1"]
[WhiteElo "2169"]
[BlackElo "2483"]
[PlyCount "92"]
[EventDate "2024.02.01"]
[EventType "swiss"]
[EventRounds "9"]
[EventCountry "URU"]
[SourceTitle "CB07_2024"]
[SourceDate "2024.02.14"]
[SourceVersion "1"]
[SourceVersionDate "2024.02.14"]
[SourceQuality "1"]

1. e4 e5 2. Nf3 Nc6 3. Bc4 Bc5 4. 0-0 Nf6 5. d3 d6 6. a4 h6 7. c3 a5 8. Be3 Ba7 9. Bxa7 Rxa7 10. Nbd2 Nh5 11. Re1 Qf6 12. Nf1 Bg4 13. Re3 Nf4 14. Ng3 h5 15. Ne2 Rh6 16. Nxf4 exf4 17. e5 Nxe5 18. Re1 Kd8 19. Bd5 Nxf3+ 20. Bxf3 Be6 21. d4 g5 22. d5 Bd7 23. Be4 Rh8 24. Bd3 h4 25. Bb5 c6 26. dxc6 bxc6 27. Bf1 Re8 28. Qd2 Rxe1 29. Rxe1 Kc7 30. f3 Be6 31. Rd1 Qe5 32. Kh1 Rb7 33. b4 h3 34. bxa5 hxg2+ 35. Bxg2 Qd5 36. Qe1 Qxa5 37. h3 Qxa4 38. Qd2 Qa3 39. Qd4 Qc5 40. Qf6 Kd7 41. h4 gxh4 42. Qxh4 Qxc3 43. Qxf4 d5 44. Rc1 Qh8+ 45. Kg1 Qb8 46. Qa4 Qa7+ 0-1

[Event "American World Cup Q Prelim"]
[Site "Tornelo INT"]
[Date "2021.05.09"]
[Round "7"]
[White "Moncada Correa, Sara"]
[Black "Muniz, Rafael"]
[Result "0-1"]
[WhiteElo "1869"]
[BlackElo "2194"]
[PlyCount "122"]
[EventDate "2021.05.08"]
[EventType "swiss (rapid)"]
[EventRounds "9"]
[EventCountry "USA"]
[SourceTitle "CBM 202 Extra"]
[Source "ChessBase"]
[SourceDate "2021.07.31"]
[SourceVersion "1"]
[SourceVersionDate "2021.07.31"]
[SourceQuality "1"]

1. d4 Nf6 2. Bf4 e6 3. e3 d5 4. Nf3 c5 5. c3 Nc6 6. Nbd2 Bd6 7. Bg3 Bxg3 8. hxg3 Qd6 9. Bd3 Bd7 10. Qe2 h6 11. 0-0 0-0 12. Rfd1 e5 13. dxe5 Nxe5 14. Nxe5 Qxe5 15. Nf3 Qh5 16. c4 Bc6 17. cxd5 Bxd5 18. Bc4 Bc6 19. Rac1 Ng4 20. e4 Rae8 21. Bd3 b6 22. Re1 f5 23. Qc2 f4 24. Bc4+ Kh8 25. Rcd1 fxg3 26. fxg3 Ne5 27. Be2 Qf7 28. Rf1 Qe7 29. Nh4 Qg5 30. Rxf8+ Rxf8 31. Nf5 Ng4 32. Bxg4 Qxg4 33. Nd6 Qxg3 34. Qc3 Qf2+ 35. Kh1 Qh4+ 36. Kg1 Qf2+ 37. Kh1 Bd7 38. Qe1 Qxe1+ 39. Rxe1 Be6 40. e5 Rf2 41. Ne8 Rxb2 42. Rf1 Kh7 43. Rf8 Bd5 44. Nc7 Bxg2+ 45. Kg1 Bh3 46. Rf7 Kg6 47. Re7 Rxa2 48. Ne8 Kf5 49. Nxg7+ Kf4 50. Nh5+ Ke3 51. Nf6 c4 52. Nd5+ Kd4 53. Nb4 Rg2+ 54. Kh1 Rb2 55. Nc6+ Kc5 56. Nxa7 c3 57. Rc7+ Kd4 58. Nc6+ Kd3 59. Ne7 c2 60. Nd5 Bg2+ 61. Kg1 Bxd5 0-1

[Event "American World Cup Q Prelim"]
[Site "Tornelo INT"]
[Date "2021.05.09"]
[Round "9"]
[White "Munoz Monroy, Cinthya Carolina"]
[Black "Muniz, Rafael"]
[Result "1-0"]
[WhiteElo "1969"]
[BlackElo "2194"]
[PlyCount "55"]
[EventDate "2021.05.08"]
[EventType "swiss (rapid)"]
[EventRounds "9"]
[EventCountry "USA"]
[SourceTitle "CBM 202 Extra"]
[Source "ChessBase"]
[SourceDate "2021.07.31"]
[SourceVersion "1"]
[SourceVersionDate "2021.07.31"]
[SourceQuality "1"]

1. e4 c5 2. c3 d5 3. exd5 Qxd5 4. d4 Nf6 5. Nf3 cxd4 6. cxd4 e6 7. Nc3 Bb4 8. Be2 0-0 9. 0-0 Bxc3 10. bxc3 Nc6 11. h3 Rd8 12. Qc2 b5 13. Rd1 Bb7 14. a4 a6 15. Rb1 Na7 16. Bf4 Rac8 17. axb5 axb5 18. Qb3 Qe4 19. Be3 Nd5 20. Bd3 Qxf3 21. gxf3 Nxc3 22. Rbc1 Nxd1 23. Qxd1 b4 24. Be4 Rxc1 25. Qxc1 Rc8 26. Qb1 Bxe4 27. Qxe4 Nb5 28. Qb7 1-0

[Event "URU-ch sf"]
[Site "Montevideo"]
[Date "2020.02.24"]
[Round "6"]
[White "Zaruski, Julio"]
[Black "Muniz, Rafael"]
[Result "0-1"]
[WhiteElo "1822"]
[BlackElo "2232"]
[PlyCount "156"]
[EventDate "2020.02.21"]
[EventType "swiss"]
[EventRounds "8"]
[EventCountry "URU"]
[SourceTitle "CBM 195 Extra"]
[Source "ChessBase"]
[SourceDate "2020.05.31"]
[SourceVersion "1"]
[SourceVersionDate "2020.05.31"]
[SourceQuality "1"]

1. d4 Nf6 2. c4 e6 3. Nf3 c5 4. e3 b6 5. Nc3 d6 6. Be2 Be7 7. 0-0 0-0 8. Bd2 Bb7 9. b3 Nbd7 10. a4 Ne4 11. Nxe4 Bxe4 12. Bc3 Bf6 13. Rc1 Rc8 14. dxc5 dxc5 15. Bxf6 Nxf6 16. a5 Qc7 17. axb6 axb6 18. Ra1 Rcd8 19. Qc1 Ng4 20. g3 Bb7 21. e4 Bxe4 22. Ng5 Bf5 23. f4 h6 24. Nf3 Bd3 25. Bxd3 Rxd3 26. Qc2 Rfd8 27. Ra8 Qd6 28. Rxd8+ Qxd8 29. Qe2 Re3 30. Qa2 Rd3 31. h3 Ne3 32. Rf2 Nf5 33. Kg2 Nd4 34. Ne5 Rxb3 35. Rd2 Re3 36. Qa7 Rxe5 37. fxe5 Qg5 38. Qa8+ Kh7 39. Qe4+ Nf5 40. Rd3 Qg6 41. Rf3 Nd4 42. Qxg6+ Kxg6 43. Rf2 Nc6 44. Rb2 Nxe5 45. Rxb6 Nxc4 46. Rc6 Ne5 47. Rxc5 Kf6 48. g4 g5 49. Kg3 Ng6 50. Ra5 Ne7 51. Ra7 Ng6 52. Ra5 Nh4 53. Rb5 Kg6 54. Rb6 h5 55. Rb8 hxg4 56. hxg4 f5 57. Rg8+ Kf6 58. Kh3 f4 59. Rh8 e5 60. Re8 Ng6 61. Kg2 Kf7 62. Ra8 e4 63. Ra4 e3 64. Ra7+ Ne7 65. Kf3 Ke6 66. Ra6+ Ke5 67. Ra7 Nc6 68. Ra1 Nd4+ 69. Kg2 Ke4 70. Ra5 f3+ 71. Kg3 Ne2+ 72. Kh3 f2 73. Ra4+ Kf3 74. Ra1 Nf4+ 75. Kh2 e2 76. Ra3+ Ke4 77. Ra4+ Kd3 78. Ra3+ Kc4 0-1

[Event "Montevideo Nazzari Cup"]
[Site "Montevideo"]
[Date "2019.10.14"]
[Round "1"]
[White "Muniz, Rafael"]
[Black "Genta, Alejandro"]
[Result "1-0"]
[WhiteElo "2282"]
[BlackElo "2036"]
[PlyCount "71"]
[EventDate "2019.10.14"]
[EventType "swiss"]
[EventRounds "7"]
[EventCountry "URU"]
[SourceTitle "CBM 192 Extra"]
[Source "Chessbase"]
[SourceDate "2019.11.06"]
[SourceVersion "1"]
[SourceVersionDate "2019.11.06"]
[SourceQuality "1"]

1. e4 d6 2. d4 Nf6 3. Nc3 g6 4. h3 Bg7 5. Nf3 c6 6. a4 0-0 7. Be2 Nbd7 8. 0-0 Qc7 9. Be3 Re8 10. Bc4 e6 11. Bb3 Nf8 12. Qd2 d5 13. Bf4 Qd8 14. Rfe1 b6 15. Bh6 Bb7 16. Bxg7 Kxg7 17. e5 Ng8 18. Ne2 Ba6 19. Nf4 Ne7 20. c3 c5 21. Bc2 Rc8 22. h4 cxd4 23. Nxd4 Nc6 24. Nf3 Nd7 25. h5 Qe7 26. g3 g5 27. h6+ Kh8 28. Nd3 g4 29. Nh2 Rg8 30. Qf4 Na5 31. Nb4 Bb7 32. Rad1 Rcf8 33. Nxg4 Qg5 34. Rd4 Nc4 35. b3 Qxf4 36. Rxf4 1-0

[Event "Montevideo zt 2.5"]
[Site "Montevideo"]
[Date "2019.04.18"]
[Round "8"]
[White "Restuccia, Francisco"]
[Black "Muniz, Rafael"]
[Result "0-1"]
[WhiteElo "2100"]
[BlackElo "2257"]
[PlyCount "70"]
[EventDate "2019.04.13"]
[EventType "swiss"]
[EventRounds "9"]
[EventCountry "URU"]
[SourceTitle "CBM 189 Extra"]
[Source "ChessBase"]
[SourceDate "2019.06.03"]
[SourceVersion "1"]
[SourceVersionDate "2019.06.03"]
[SourceQuality "1"]

1. e4 c5 2. Nf3 d6 3. d4 cxd4 4. Nxd4 Nf6 5. Nc3 a6 6. Be2 e5 7. Nb3 Be7 8. 0-0 0-0 9. Kh1 b6 10. Be3 Bb7 11. f3 b5 12. Qe1 Nbd7 13. a3 Rc8 14. Rd1 Qc7 15. Qf2 d5 16. Nxd5 Nxd5 17. exd5 Nf6 18. c4 bxc4 19. Bb6 Qd6 20. Na5 Bxd5 21. Bxc4 Qe6 22. Bd3 Bd8 23. Bxd8 Rfxd8 24. Rfe1 e4 25. fxe4 Bxe4 26. Bxe4 Nxe4 27. Rxd8+ Rxd8 28. Qe2 Re8 29. Qxe4 Qxe4 30. Rxe4 Rxe4 31. Kg1 Re2 32. b3 Rc2 33. h3 Kf8 34. Kh2 Rc3 35. Kg1 Ke7 0-1

[Event "Montevideo zt 2.5"]
[Site "Montevideo"]
[Date "2019.04.16"]
[Round "6"]
[White "Jodorcovsky Werjivker, Paulo"]
[Black "Muniz, Rafael"]
[Result "0-1"]
[WhiteElo "2257"]
[BlackElo "2257"]
[PlyCount "80"]
[EventDate "2019.04.13"]
[EventType "swiss"]
[EventRounds "9"]
[EventCountry "URU"]
[SourceTitle "CBM 189 Extra"]
[Source "ChessBase"]
[SourceDate "2019.06.03"]
[SourceVersion "1"]
[SourceVersionDate "2019.06.03"]
[SourceQuality "1"]

1. d4 Nf6 2. Nf3 e6 3. e3 g6 4. c4 Bg7 5. Nc3 0-0 6. Be2 c5 7. 0-0 cxd4 8. exd4 d5 9. Bg5 dxc4 10. Bxc4 h6 11. Bf4 Nc6 12. h3 Nb4 13. Qd2 Kh7 14. Rad1 Nbd5 15. Be5 Nxc3 16. bxc3 b6 17. Be2 Bb7 18. c4 Rc8 19. Qe3 Qd7 20. Qb3 Rfd8 21. Rc1 Qc6 22. Qb2 Nh5 23. d5 exd5 24. Bxg7 Nxg7 25. cxd5 Qxd5 26. Rxc8 Rxc8 27. Rd1 Qe4 28. Bd3 Qf4 29. Be2 Ne6 30. Nh2 h5 31. Bf3 Ba6 32. Qa3 Nc5 33. Rc1 Qa4 34. Qe3 Qxa2 35. Qe7 Nd3 36. Rxc8 Bxc8 37. Qe3 Ba6 38. g4 Qb1+ 39. Kg2 h4 40. Be4 Ne1+ 0-1

[Event "Montevideo zt 2.5"]
[Site "Montevideo"]
[Date "2019.04.15"]
[Round "4"]
[White "Donoso Diaz, Sebastian"]
[Black "Muniz, Rafael"]
[Result "1-0"]
[WhiteElo "2191"]
[BlackElo "2257"]
[PlyCount "87"]
[EventDate "2019.04.13"]
[EventType "swiss"]
[EventRounds "9"]
[EventCountry "URU"]
[SourceTitle "CBM 189 Extra"]
[Source "ChessBase"]
[SourceDate "2019.06.03"]
[SourceVersion "1"]
[SourceVersionDate "2019.06.03"]
[SourceQuality "1"]

1. d4 Nf6 2. c4 e6 3. Nf3 c5 4. d5 exd5 5. cxd5 d6 6. Nc3 g6 7. Bf4 a6 8. a4 Bg7 9. h3 0-0 10. e3 Ne8 11. Be2 Nd7 12. 0-0 Qe7 13. a5 Rb8 14. Nd2 Ne5 15. Qb3 Nc7 16. Nc4 Nxc4 17. Bxc4 Be5 18. Bxe5 Qxe5 19. e4 g5 20. Qb6 Na8 21. Qa7 Bd7 22. Ra3 Bb5 23. Bxb5 axb5 24. Raa1 b4 25. Nb5 Rfd8 26. Rfe1 Qe8 27. Nxd6 Rxd6 28. Qxc5 Qe5 29. Qxb4 Nc7 30. Qc4 Ne8 31. Ra3 Rf6 32. Qc3 Qxc3 33. bxc3 Ra6 34. e5 Nc7 35. c4 Kf8 36. h4 gxh4 37. f4 b5 38. axb6 Rbxb6 39. Rea1 Rxa3 40. Rxa3 Rb4 41. d6 Ne6 42. f5 Rxc4 43. fxe6 fxe6 44. Ra8+ 1-0

[Event "URU-ch 90th"]
[Site "Montevideo"]
[Date "2019.03.18"]
[Round "3"]
[White "Granara Barreto, Sebastian A"]
[Black "Muniz, Rafael"]
[Result "1-0"]
[WhiteElo "2115"]
[BlackElo "2272"]
[PlyCount "53"]
[EventDate "2019.03.16"]
[EventType "tourn"]
[EventRounds "9"]
[EventCountry "URU"]
[EventCategory "2"]
[SourceTitle "CBM 189 Extra"]
[Source "ChessBase"]
[SourceDate "2019.06.03"]
[SourceVersion "1"]
[SourceVersionDate "2019.06.03"]
[SourceQuality "1"]

1. Nf3 Nf6 2. c4 c5 3. g3 d5 4. cxd5 Nxd5 5. Bg2 Nc6 6. 0-0 e5 7. Nc3 Nc7 8. d3 Be7 9. Be3 0-0 10. Nd2 Nd4 11. Nc4 f6 12. Bd2 Rb8 13. a4 b6 14. e3 Nde6 15. Qe2 Bb7 16. Bxb7 Rxb7 17. f4 exf4 18. gxf4 Rb8 19. f5 Ng5 20. e4 Nf7 21. Bf4 Qd7 22. Rf3 Ne5 23. Rh3 g5 24. Qh5 Rf7 25. Bxe5 fxe5 26. Qxf7+ Kxf7 27. Nxe5+ 1-0

[Event "Montevideo Duchamp Cup 3rd"]
[Site "Montevideo"]
[Date "2019.02.10"]
[Round "2"]
[White "Rodriguez Farias, Eduardo"]
[Black "Muniz, Rafael"]
[Result "0-1"]
[WhiteElo "1935"]
[BlackElo "2250"]
[PlyCount "41"]
[EventDate "2019.02.09"]
[EventType "swiss"]
[EventRounds "9"]
[EventCountry "URU"]
[SourceTitle "CBM 188 Extra"]
[Source "ChessBase"]
[SourceDate "2019.02.26"]
[SourceVersion "1"]
[SourceVersionDate "2019.02.26"]
[SourceQuality "1"]

1. e4 d6 2. d4 Nf6 3. Nc3 Nbd7 4. Nf3 e5 5. Bc4 Be7 6. a4 0-0 7. 0-0 c6 8. Qe2 b6 9. Bg5 h6 10. Bh4 a6 11. Bg3 Nh5 12. dxe5 Nxg3 13. fxg3 dxe5 14. h3 Qc7 15. g4 Nc5 16. g3 Rb8 17. Ne1 b5 18. axb5 axb5 19. Ba2 b4 20. Nd1 b3 21. cxb3 0-1

[Event "Florianopolis op 5th"]
[Site "Florianopolis"]
[Date "2019.01.22"]
[Round "3"]
[White "Muniz, Rafael"]
[Black "Mangialardo, Tiago Carvalho"]
[Result "1-0"]
[WhiteElo "2236"]
[BlackElo "2021"]
[PlyCount "45"]
[EventDate "2019.01.21"]
[EventType "swiss"]
[EventRounds "10"]
[EventCountry "BRA"]
[SourceTitle "CBM 188 Extra"]
[Source "ChessBase"]
[SourceDate "2019.02.26"]
[SourceVersion "1"]
[SourceVersionDate "2019.02.26"]
[SourceQuality "1"]

1. e4 e5 2. Bc4 Nf6 3. d3 d5 4. exd5 Nxd5 5. Nf3 Nc6 6. 0-0 Bg4 7. Re1 Be7 8. h3 Bxf3 9. Qxf3 Nd4 10. Qd1 Qd6 11. c3 Nc6 12. b4 0-0 13. a4 Rad8 14. a5 b6 15. Qf3 Bf6 16. Ba3 b5 17. Bxb5 e4 18. dxe4 Nxc3 19. Nxc3 Nd4 20. Qg4 Nxb5 21. Nxb5 Qe5 22. Nxa7 Rd6 23. b5 1-0